| 000 | 00000nam 2200000za 4500 |
| 001 | 9.830819 |
| 003 | CaOODSP |
| 005 | 20221107145619 |
| 007 | cr ||||||||||| |
| 008 | 170118s1886 onc |os|||f001 0|fre d |
| 040 | |aCaOODSP|bfre |
| 041 | |aeng|afre |
| 043 | |an-cnp-- |
| 086 | 1 |aCS98-1885-PDF|zCS98-1885(F) |
| 245 | 10|aCensus of the three provisional districts of the North-west Territories, 1884-5 |h[ressource électronique] = |bRecensement des trois districts provisoires des Territoires du Nord-oust, 1884-5. |
| 246 | 11|aRecensement des trois districts provisoires des Territoires du Nord-oust, 1884-5 |
| 246 | 36|aRecensement de 1884-5 |
| 260 | |aOttawa : |b[Department of Agriculture = Département de l'Agriculture], |c1886 |f(Printed by Maclean, Roger & Co.) |
| 300 | |axvii, 97 p. |
| 500 | |aPublication du recensement historique numérisée en 2009 [par Statistique Canada]. |
| 504 | |aComprend un index. |
| 520 | 0 |aLe rapport du Bureau de la Statistique, Département de l'agriculture, du recensement des trois districts provisoires du Nord-Ouest --Assiniboia, Saskatchewan et Alberta--pris durant l'année 1885. |
| 546 | |aTexte en anglais et en français. |
| 692 | 07|2gccst|aRecensement |
| 710 | 1 |aCanada. |bMinistère de l'agriculture. |
| 791 | |tCensus of the three provisional districts of the North-west Territories, 1884-5 |eeng|w(CaOODSP)9.830814 |
| 856 | 40|qPDF|uhttps://publications.gc.ca/collections/collection_2017/statcan/CS98-1885.pdf|s3.33 Mo |